[Event "LSS No Engine Cup 84 Preliminary 1"]
[Site "LSS email"]
[Date "2013.03.16"]
[Round "?"]
[White "Chester, Ian"]
[Black "Szodi, Szabolcs"]
[Result "0-1"]
[WhiteElo "1399"]
[BlackElo "2094"]
[PlyCount "52"]
[EventDate "2013.03.17"]
[EventType "tourn (corr)"]
[EventRounds "6"]
[EventCountry "GER"]
[SourceTitle "Telechess CBM 161"]
[Source "ChessBase"]
[SourceDate "2014.07.16"]
[SourceVersion "1"]
[SourceVersionDate "2014.07.16"]
[SourceQuality "1"]

1. e4 e6 2. d4 d5 3. Nd2 Nf6 4. e5 Nfd7 5. Bd3 c5 6. c3 Nc6 7. Ne2 cxd4 8. cxd4 f6 9. Nf4 Nxd4 10. Qh5+ Ke7 11. exf6+ Nxf6 12. Ng6+ hxg6 13. Qxh8 Kf7 14. Qh4 e5 15. Nf3 Nxf3+ 16. gxf3 Bf5 17. Bxf5 gxf5 18. Bg5 Qa5+ 19. Kf1 Be7 20. Kg2 d4 21. f4 Qd5+ 22. f3 e4 23. Qf2 e3 24. Qe2 Nh5 25. Kf1 Bxg5 26. fxg5 Nf4 0-1

[Event "LSS No Engine Cup 84 Preliminary 1"]
[Site "LSS email"]
[Date "2013.03.16"]
[Round "?"]
[White "Lombardi, Donato"]
[Black "Szodi, Szabolcs"]
[Result "0-1"]
[WhiteElo "926"]
[BlackElo "2094"]
[PlyCount "70"]
[EventDate "2013.03.17"]
[EventType "tourn (corr)"]
[EventRounds "6"]
[EventCountry "GER"]
[SourceTitle "Telechess CBM 161"]
[Source "ChessBase"]
[SourceDate "2014.07.16"]
[SourceVersion "1"]
[SourceVersionDate "2014.07.16"]
[SourceQuality "1"]

1. e4 e6 2. d4 d5 3. exd5 exd5 4. Bd3 Bd6 5. Nf3 Bg4 6. 0-0 Ne7 7. c3 Nbc6 8. Bg5 Qd7 9. Nbd2 f6 10. Bh4 Bf5 11. Qc2 Bxd3 12. Qxd3 0-0-0 13. b4 Qf5 14. Qb5 a6 15. Qe2 Ng6 16. a4 Nf4 17. Qd1 Rhe8 18. b5 Ne2+ 19. Kh1 Na5 20. Re1 Nxc3 21. Qc1 Rxe1+ 22. Qxe1 axb5 23. axb5 b6 24. Nf1 Nxb5 25. Ne3 Qe4 26. Qd2 Nb3 27. Ra8+ Kb7 28. Qa2 Rxa8 29. Qxb3 Ra1+ 30. Ng1 Nxd4 31. Qb2 Qxh4 32. g3 Qe4+ 33. f3 Qxf3+ 34. Ng2 Rd1 35. h4 Qxg3 0-1

[Event "LSS No Engine Cup 84 Preliminary 1"]
[Site "LSS email"]
[Date "2013.03.16"]
[Round "?"]
[White "Szodi, Szabolcs"]
[Black "Winter, Malcolm J"]
[Result "1-0"]
[WhiteElo "2094"]
[BlackElo "1358"]
[PlyCount "35"]
[EventDate "2013.03.17"]
[EventType "tourn (corr)"]
[EventRounds "6"]
[EventCountry "GER"]
[SourceTitle "Corr 2015"]
[Source "ChessBase"]
[SourceDate "2015.07.17"]
[SourceVersion "1"]
[SourceVersionDate "2015.07.17"]
[SourceQuality "1"]

1. e4 e5 2. Nf3 Nc6 3. d4 exd4 4. Nxd4 Qf6 5. Be3 Bc5 6. c3 Nge7 7. Bc4 0-0 8. 0-0 d6 9. Kh1 Ne5 10. Be2 Rd8 11. f4 N5g6 12. Nd2 Bd7 13. Bc4 Nc6 14. Qh5 Bxd4 15. cxd4 Nxd4 16. f5 Nf8 17. Bxd4 Qxd4 18. Qxf7+ 1-0

[Event "LSS No Engine Cup 65 Final"]
[Site "LSS email"]
[Date "2012.12.02"]
[Round "?"]
[White "Bichik, Aleksandr Mihail"]
[Black "Szodi, Szabolcs"]
[Result "1-0"]
[WhiteElo "2035"]
[BlackElo "2094"]
[PlyCount "71"]
[EventDate "2012.12.03"]
[EventType "tourn (corr)"]
[EventRounds "6"]
[EventCountry "GER"]
[SourceTitle "Telechess CBM 161"]
[Source "ChessBase"]
[SourceDate "2014.07.16"]
[SourceVersion "1"]
[SourceVersionDate "2014.07.16"]
[SourceQuality "1"]

1. d4 d5 2. c4 Bf5 3. cxd5 Bxb1 4. Rxb1 Qxd5 5. Nf3 Nc6 6. e3 0-0-0 7. Qc2 Nb4 8. Qa4 Qf5 9. Nd2 e5 10. Qxa7 exd4 11. Qa8+ Kd7 12. Qxb7 dxe3 13. Bb5+ Ke6 14. Bc4+ Kd7 15. 0-0 exf2+ 16. Kh1 Nf6 17. a3 Nbd5 18. Bb5+ Ke7 19. Qa7 Ng4 20. Nf3 Rd6 21. Bd2 f6 22. Rbd1 Kf7 23. Bc4 Qd7 24. Bf4 c6 25. Qa5 Re6 26. Rxd5 cxd5 27. Bxd5 Ke7 28. Nd4 Ra6 29. Qb4+ Ke8 30. Qb8+ Ke7 31. Bc4 Qxd4 32. Qb7+ Qd7 33. Qxa6 g5 34. Bc7 Ne3 35. Rxf2 Qd1+ 36. Rf1 1-0

[Event "LSS No Engine Cup 65 Final"]
[Site "LSS email"]
[Date "2012.12.02"]
[Round "?"]
[White "Szodi, Szabolcs"]
[Black "Grabowski, Benedykt"]
[Result "1-0"]
[WhiteElo "2094"]
[BlackElo "1905"]
[PlyCount "91"]
[EventDate "2012.12.03"]
[EventType "tourn (corr)"]
[EventRounds "6"]
[EventCountry "GER"]
[SourceTitle "Telechess CBM 161"]
[Source "ChessBase"]
[SourceDate "2014.07.16"]
[SourceVersion "1"]
[SourceVersionDate "2014.07.16"]
[SourceQuality "1"]

1. e4 c6 2. d4 d5 3. e5 Bf5 4. Nf3 e6 5. Be2 Nd7 6. 0-0 Ne7 7. Nh4 Bg6 8. Nd2 c5 9. c3 Nc6 10. Nxg6 hxg6 11. Nf3 Be7 12. Be3 0-0 13. Bd3 cxd4 14. cxd4 Rc8 15. a3 Nb6 16. b3 Na5 17. Rc1 Rc7 18. Rxc7 Qxc7 19. Bd2 Na8 20. Qb1 Qb6 21. Qc2 a6 22. Rb1 Nc6 23. Qb2 Nc7 24. b4 Nb5 25. Be3 Rc8 26. g3 Nca7 27. Bd2 Nc6 28. Kg2 g5 29. h3 f5 30. Be3 Nca7 31. Rc1 Qd8 32. a4 Rxc1 33. Qxc1 Nc7 34. Bxg5 Bxg5 35. Nxg5 Nc6 36. h4 Nxb4 37. Be2 Nc6 38. Qb1 Nxd4 39. Bh5 g6 40. Bxg6 b5 41. Nf7 Qf8 42. h5 Qa3 43. h6 Qf3+ 44. Kh2 Qxf2+ 45. Kh3 Kf8 46. h7 1-0

[Event "OP-2012-0-02458"]
[Site "LSS email"]
[Date "2012.10.29"]
[Round "?"]
[White "Hogan, Bernardo"]
[Black "Szodi, Szabolcs"]
[Result "0-1"]
[WhiteElo "1184"]
[BlackElo "2094"]
[PlyCount "58"]
[EventDate "2012.10.17"]
[EventType "tourn (corr)"]
[EventRounds "4"]
[EventCountry "GER"]
[SourceTitle "Telechess CBM 159"]
[Source "ChessBase"]
[SourceDate "2014.03.17"]
[SourceVersion "1"]
[SourceVersionDate "2014.03.17"]
[SourceQuality "1"]

1. d4 e6 2. c4 d5 3. Nf3 Nf6 4. Bg5 Be7 5. e3 0-0 6. Nc3 h6 7. Bh4 b6 8. Be2 Bb7 9. 0-0 Nbd7 10. Rc1 c5 11. cxd5 Nxd5 12. Bxe7 Qxe7 13. Qd3 cxd4 14. Nxd4 Nc5 15. Qb1 Nxc3 16. Rxc3 Ne4 17. Rc2 e5 18. Nf3 Ng5 19. Nxg5 Qxg5 20. g3 Be4 21. h4 Qf5 22. g4 Qh7 23. Rfc1 Rac8 24. Bd1 Rcd8 25. f3 Rxd1+ 26. Rxd1 Bxc2 27. Qc1 Bxd1 28. Qxd1 Rc8 29. e4 Qg6 0-1

[Event "OP-2012-0-02458"]
[Site "LSS email"]
[Date "2012.10.29"]
[Round "?"]
[White "Szodi, Szabolcs"]
[Black "Basson, Heinrich"]
[Result "1-0"]
[WhiteElo "2094"]
[BlackElo "1454"]
[PlyCount "27"]
[EventDate "2012.10.17"]
[EventType "tourn (corr)"]
[EventRounds "4"]
[EventCountry "GER"]
[SourceTitle "Corr 2015"]
[Source "ChessBase"]
[SourceDate "2015.07.17"]
[SourceVersion "1"]
[SourceVersionDate "2015.07.17"]
[SourceQuality "1"]

1. e4 c6 2. d4 d5 3. e5 Bf5 4. Nf3 e6 5. Be2 c5 6. Be3 Qc7 7. 0-0 Nc6 8. dxc5 Nge7 9. c3 a5 10. Na3 Na7 11. Nd4 0-0-0 12. b4 Kb8 13. b5 Nac8 14. Qa4 1-0

[Event "LSS No Engine Cup 65 Preliminary 1"]
[Site "LSS email"]
[Date "2012.05.06"]
[Round "?"]
[White "Billion, Paul"]
[Black "Szodi, Szabolcs"]
[Result "0-1"]
[WhiteElo "837"]
[BlackElo "2091"]
[PlyCount "36"]
[EventDate "2012.05.07"]
[EventType "tourn (corr)"]
[EventRounds "6"]
[EventCountry "GER"]
[SourceTitle "Corr 2015"]
[Source "ChessBase"]
[SourceDate "2015.07.17"]
[SourceVersion "1"]
[SourceVersionDate "2015.07.17"]
[SourceQuality "1"]

1. d4 e6 2. c4 d5 3. Nc3 Nf6 4. Nf3 Be7 5. e3 c5 6. Bd2 cxd4 7. Nxd4 e5 8. Ndb5 a6 9. Na3 d4 10. exd4 exd4 11. Nd5 Nxd5 12. cxd5 Qxd5 13. Bd3 Qxg2 14. Rf1 0-0 15. Nc4 Bg4 16. Qc2 Re8 17. Ne3 dxe3 18. Bxe3 Bb4+ 0-1

[Event "LSS No Engine Cup 65 Preliminary 1"]
[Site "LSS email"]
[Date "2012.05.06"]
[Round "?"]
[White "Szodi, Szabolcs"]
[Black "Lonyuk, Bohdan"]
[Result "1-0"]
[WhiteElo "2091"]
[BlackElo "1121"]
[PlyCount "49"]
[EventDate "2012.05.07"]
[EventType "tourn (corr)"]
[EventRounds "6"]
[EventCountry "GER"]
[SourceTitle "Telechess CBM 165"]
[Source "ChessBase"]
[SourceDate "2015.03.11"]
[SourceVersion "1"]
[SourceVersionDate "2015.03.11"]
[SourceQuality "1"]

1. e4 e5 2. Nf3 Nc6 3. d4 exd4 4. Nxd4 Nf6 5. Nxc6 bxc6 6. e5 Qe7 7. Qe2 Nd5 8. c4 Ba6 9. b3 0-0-0 10. g3 g5 11. Bb2 Bg7 12. Nd2 Nb4 13. 0-0-0 Nxa2+ 14. Kb1 Nb4 15. Qe3 c5 16. Ne4 Bb7 17. Bh3 Bxe4+ 18. Qxe4 Kb8 19. f4 Nc6 20. Rxd7 Rxd7 21. Qxc6 Rd2 22. Qb5+ Ka8 23. Bc3 Re2 24. Bd7 Rd8 25. Bc6# 1-0

[Event "OP-2012-0-02115"]
[Site "LSS email"]
[Date "2012.03.19"]
[Round "?"]
[White "Szodi, Szabolcs"]
[Black "Vontina, Maria"]
[Result "1-0"]
[WhiteElo "2102"]
[BlackElo "776"]
[PlyCount "39"]
[EventDate "2012.03.16"]
[EventType "tourn (corr)"]
[EventRounds "4"]
[EventCountry "GER"]
[SourceTitle "Corr 2015"]
[Source "ChessBase"]
[SourceDate "2015.07.17"]
[SourceVersion "1"]
[SourceVersionDate "2015.07.17"]
[SourceQuality "1"]

1. e4 e6 2. d4 d5 3. Nc3 Bb4 4. e5 c5 5. a3 Bxc3+ 6. bxc3 Nc6 7. Qg4 Nge7 8. Qxg7 Rg8 9. Qxh7 Bd7 10. Nf3 Qc7 11. Ng5 Rf8 12. Rb1 cxd4 13. f4 dxc3 14. Bd3 a6 15. Qg7 Nd4 16. Nh7 Rg8 17. Nf6+ Kd8 18. Nxg8 Nxg8 19. Qxg8+ Ke7 20. Qxa8 1-0

[Event "OP-2012-0-02093"]
[Site "LSS email"]
[Date "2012.03.05"]
[Round "?"]
[White "Szodi, Szabolcs"]
[Black "Neil, Charles"]
[Result "1-0"]
[WhiteElo "2103"]
[BlackElo "601"]
[PlyCount "55"]
[EventDate "2012.02.29"]
[EventType "tourn (corr)"]
[EventRounds "4"]
[EventCountry "GER"]
[SourceTitle "Telechess CBM 155"]
[Source "ChessBase"]
[SourceDate "2013.07.16"]
[SourceVersion "1"]
[SourceVersionDate "2013.07.16"]
[SourceQuality "1"]

1. e4 c5 2. c3 Nf6 3. e5 Nd5 4. d4 cxd4 5. cxd4 Nc6 6. Nf3 e6 7. Nc3 Bb4 8. Bd2 Qa5 9. a3 Bxc3 10. bxc3 Nxc3 11. Qc1 Qd5 12. Qxc3 0-0 13. Bc4 Qe4+ 14. Be3 a5 15. 0-0 d5 16. exd6 Bd7 17. Rfb1 Rac8 18. Ng5 Qg6 19. Rxb7 Rfe8 20. Rxd7 Rb8 21. Bd3 Qh5 22. Qxc6 Rb2 23. Rxf7 Reb8 24. d7 Rb1+ 25. Rxb1 Rxb1+ 26. Bc1 Qd1+ 27. Bf1 Rxc1 28. d8Q# 1-0

[Event "OP-2012-0-02066"]
[Site "LSS email"]
[Date "2012.02.15"]
[Round "?"]
[White "Bester, Kazimierz"]
[Black "Szodi, Szabolcs"]
[Result "0-1"]
[WhiteElo "769"]
[BlackElo "2087"]
[PlyCount "46"]
[EventDate "2012.02.12"]
[EventType "tourn (corr)"]
[EventRounds "4"]
[EventCountry "GER"]
[SourceTitle "Telechess CBM 155"]
[Source "ChessBase"]
[SourceDate "2013.07.16"]
[SourceVersion "1"]
[SourceVersionDate "2013.07.16"]
[SourceQuality "1"]

1. f4 d5 2. Nf3 Nf6 3. e3 g6 4. Bd3 Bg7 5. 0-0 Nc6 6. Bb5 0-0 7. d4 a6 8. Be2 Qd6 9. Ne5 Rd8 10. c3 Ne4 11. Nd2 Nxd2 12. Bxd2 Be6 13. Be1 Nxe5 14. fxe5 Qd7 15. Bh4 c5 16. Rf3 Rf8 17. Rg3 f6 18. exf6 exf6 19. Bg4 g5 20. Bxe6+ Qxe6 21. Bxg5 fxg5 22. Rxg5 Qxe3+ 23. Kh1 Qxg5 0-1

[Event "OP-2012-0-02066"]
[Site "LSS email"]
[Date "2012.02.15"]
[Round "?"]
[White "Szodi, Szabolcs"]
[Black "Huseby, Juan Carlos"]
[Result "1-0"]
[WhiteElo "2087"]
[BlackElo "628"]
[PlyCount "31"]
[EventDate "2012.02.12"]
[EventType "tourn (corr)"]
[EventRounds "4"]
[EventCountry "GER"]
[SourceTitle "Corr 2015"]
[Source "ChessBase"]
[SourceDate "2015.07.17"]
[SourceVersion "1"]
[SourceVersionDate "2015.07.17"]
[SourceQuality "1"]

1. e4 Nc6 2. Nf3 e5 3. d4 Nf6 4. d5 Nd4 5. Nxe5 Bc5 6. c3 Nc6 7. dxc6 Bxf2+ 8. Kxf2 Nxe4+ 9. Kg1 Qh4 10. cxd7+ Ke7 11. dxc8N+ Raxc8 12. Qd7+ Kf6 13. g3 Nxg3 14. Ng4+ Kg6 15. Bd3+ Kh5 16. hxg3 1-0